Ciudades y espacio (Record no. 142294)

MARC details
000 -LEADER
campo de control de longitud fija 01192nam a22003491i 4500
001 - NÚMERO DE CONTROL
campo de control 142294
003 - IDENTIFICADOR DE NÚMERO DE CONTROL
campo de control ES-MaACL
005 - FECHA Y HORA DE LA ÚLTIMA TRANSACCIÓN
campo de control 20250802222148.0
007 - CAMPO FIJO DE DESCRIPCIÓN FÍSICA--INFORMACIÓN GENERAL
campo de control de longitud fija t|
008 - DATOS DE LONGITUD FIJA--INFORMACIÓN GENERAL
campo de control de longitud fija 071004s1976 sp r ||||0| spa d
016 7# - NÚMERO DE CONTROL DE UNA AGENCIA BIBLIOGRÁFICA NACIONAL
Número de control cancelado/no válido IND9100162627
020 ## - NÚMERO INTERNACIONAL ESTÁNDAR DEL LIBRO
Número Internacional Estándar del Libro 84-281-0309-7
040 ## - FUENTE DE CATALOGACIÓN
Centro catalogador/agencia de origen M-BN
Lengua de catalogación spa
Centro/agencia transcriptor A2
080 ## - NÚMERO DE LA CLASIFICACIÓN DECIMAL UNIVERSAL
Número de la Clasificación Decimal Universal 711(04)
080 ## - NÚMERO DE LA CLASIFICACIÓN DECIMAL UNIVERSAL
Número de la Clasificación Decimal Universal 301.185.2(04)
130 0# - ENTRADA PRINCIPAL--TÍTULO UNIFORME
Título uniforme Ciudades y espacio.
9 (RLIN) 119874
245 10 - MENCIÓN DEL TÍTULO
Título Ciudades y espacio
Resto del título : el uso futuro del suelo urbano /
Mención de responsabilidad, etc. Lowdon Wingo, Jr., editor... ; [versión del inglés de M. Bayés Sopena].
260 ## - PUBLICACIÓN, DISTRIBUCIÓN, ETC.
Lugar de publicación, distribución, etc. Barcelona :
Nombre del editor, distribuidor, etc. Oikos-Tau,
Fecha de publicación, distribución, etc. 1976.
300 ## - DESCRIPCIÓN FÍSICA
Extensión 179 p., 2 h., 4 h. con lám. ;
Dimensiones 24 cm.
490 1# - MENCIÓN DE SERIE
Mención de serie Colección de urbanismo ;
Designación de volumen o secuencia 5
500 ## - NOTA GENERAL
Nota general Indices.
500 ## - NOTA GENERAL
Nota general "Ponencias del cuarto simposio de Resources for the Future..."
650 #7 - PUNTO DE ACCESO ADICIONAL DE MATERIA--TÉRMINO DE MATERIA
Término de materia o nombre geográfico como elemento de entrada Urbanismo
Fuente del encabezamiento o término embne
9 (RLIN) 17692
650 14 - PUNTO DE ACCESO ADICIONAL DE MATERIA--TÉRMINO DE MATERIA
Término de materia o nombre geográfico como elemento de entrada Sociología urbana.
9 (RLIN) 17217
700 1# - ENTRADA AGREGADA--NOMBRE PERSONAL
Nombre de persona Wingo, Lowdon.
9 (RLIN) 117082
700 1# - ENTRADA AGREGADA--NOMBRE PERSONAL
Nombre de persona Bayés Sopena, M.
9 (RLIN) 26663
711 2# - ENTRADA AGREGADA--NOMBRE DE REUNIÓN
Nombre de congreso/reunión o jurisdicción como elemento de entrada Symposium Resources for the Future (
Número del congreso/reunión o número de parte o sección 4º.
Fecha del congreso o de la firma del tratado 1962.
Sede del congreso/Lugar de la reunión Washington)
9 (RLIN) 1114
830 0# - PUNTO DE ACCESO ADICIONAL DE SERIE-TÍTULO UNIFORME
Título uniforme Colección de urbanismo ;
Designación de volumen o secuencia 5
9 (RLIN) 187237
852 ## - LOCALIZACIÓN
Ubicación ES-MaACL
Número de control de estantería A-5622
Sublocalización o colección R.94606
Holdings
Estatus retirado Estado de pérdida Estado de daño No para préstamo Biblioteca de origen Biblioteca actual Ubicación en estantería Fecha de adquisición Fuente de adquisición Total de préstamos Signatura topográfica completa Código de barras Visto por última vez Precio de reemplazo Tipo de ítem Koha
        Biblioteca del Ateneo de Madrid Biblioteca del Ateneo de Madrid Sala Pecera Planta 1 17/01/2008     A-5622 1148057 23/02/2023 23/02/2023 Libro impreso